000 00592cam9a220019300 4500
001 tmp15729136
003 UPRA
005 20190813165221.0
008 951013s1979 jpn eng u
035 _a(Sirsi) r65159
035 _a(UPRA)tmp15729136
040 _cUPRA
100 1 _aOdajima, Goro.
_6A25158.1
245 1 0 _aIllustrated structure of the human body :
_bparamedical textbook in human anatomy.
260 _a[Tokyo] :
_bInternational Nursing Foundation of Japan,
_c[1979]
650 0 _aAnatomy.
_6S133.1
949 _aQM23.2
_wLC
_i-86949
_mMEDICAL
_tBOOK
_lON-SHELF
004 65159
999 _c40511
_d40511